Office market trends United States (Record no. 119296)

MARC details
000 -LEADER
fixed length control field 01044cas a22002295 4500
001 - CONTROL NUMBER
control field L152286
008 - FIXED-LENGTH DATA ELEMENTS--GENERAL INFORMATION
fixed length control field 110216c2010 xxuqr ws s 0 a0eng u
035 ## - SYSTEM CONTROL NUMBER
System control number (Sirsi) u152286
041 0# - LANGUAGE CODE
Language code of text/sound track or separate title eng
050 ## - LIBRARY OF CONGRESS CALL NUMBER
Classification number 333.33 $2 18
110 2# - MAIN ENTRY--CORPORATE NAME
Corporate name or jurisdiction name as entry element Grubb & Ellis
9 (RLIN) 5905
245 00 - TITLE STATEMENT
Title Office market trends United States
Medium [electronic resource]
260 ## - PUBLICATION, DISTRIBUTION, ETC.
Place of publication, distribution, etc. Santa Ana
Name of publisher, distributor, etc. Grubb & Ellis
Date of publication, distribution, etc. 2010-
362 0# - DATES OF PUBLICATION AND/OR SEQUENTIAL DESIGNATION
Dates of publication and/or sequential designation Current quarterly report only
490 #0 - SERIES STATEMENT
Series statement Office Market Trends United States
Volume/sequential designation Q3 2010-
520 ## - SUMMARY, ETC.
Summary, etc. Presents an overview of the US office vacancy rate and details of vacancy rates in over 50 city areas across the United States. Analyses the state of the market and lists asking rental rates. Concludes with a metro spotlight section covering the market on a regional basis.
554 ## -
-- Four per year
651 #4 - SUBJECT ADDED ENTRY--GEOGRAPHIC NAME
Geographic name United States
Chronological subdivision 1959-
690 ## - LOCAL SUBJECT ADDED ENTRY--TOPICAL TERM (OCLC, RLIN)
Topical term or geographic name as entry element PROPERTY-COMMERCIAL PROPERTY-COMMERCIAL PROPERTY MARKET
856 48 - ELECTRONIC LOCATION AND ACCESS
Uniform Resource Identifier <a href="https://www.grubb-ellis.com/research/Reports.aspx">https://www.grubb-ellis.com/research/Reports.aspx</a>
Public note View the report free of charge at www.grubb-ellis.com
942 ## - ADDED ENTRY ELEMENTS (KOHA)
Suppress in OPAC 0
Holdings
Withdrawn status Lost status Source of classification or shelving scheme Damaged status Not for loan Home library Current library Shelving location Date acquired Total Checkouts Full call number Barcode Date last seen Copy number Price effective from Koha item type
    Dewey Decimal Classification     Virtual Virtual Online 16/02/2011   ONLINE PUBLICATION 152286-2001 06/08/2019 1 06/08/2019 Book